Statistics for B Marks the Spot

Click here to take the quiz!

General Stats

  • This quiz has been taken 82 times
  • The average score is 13 of 21

Answer Stats

HintAnswer% Correct
Stockholm prizeNobel
91%
Planetary pathOrbit
87%
4-player tennisDoubles
83%
Like a mad dogRabid
83%
Venomous snakeCobra
80%
Safari equineZebra
80%
AutomatonRobot
77%
Famous person, starCelebrity
75%
Nun's attireHabit
75%
Fossilized resinAmber
74%
Just like QuasimodoHunchbacked
71%
Mathematical likelihoodProbability
71%
Shakespearean playMacbeth
70%
Shire dwellersHobbits
64%
US StateAlabama
59%
Storybook elephantBabar
55%
George W. BushDubya
48%
Resident of BanjulGambian
32%
City on the LeithEdinburgh
19%
The Mikado lyricistGilbert
19%
African capitalMbabane
17%

Score Distribution

Percentile by Number Answered

Percent of People with Each Score

Your Score History

You have not taken this quiz